| 000 | 00704nam a22002177a 4500 | ||
|---|---|---|---|
| 003 | UA-OsUOA | ||
| 001 | 39523 | ||
| 007 | ta | ||
| 008 | 20060621b un ||||| |||| 00| 0 ukr d | ||
| 100 | _aБорев Ю.Б. | ||
| 090 |
_a801.73 _bБ82 |
||
| 942 | _cBK | ||
| 040 |
_aUA-OsUOA _cUA-OsUOA _dUA-OsUOA |
||
| 245 | _aТеории, школы, концепции (критические анализы) художественная рецепция и герменевтика | ||
| 300 | _a288 с. | ||
| 955 | _a0 | ||
| 080 | _a801.73 | ||
| 260 |
_aМ. _bНаука _c1985 |
||
| 650 | 7 |
_a801 Просодія. Допоміжні науки та джерела філології _2UDC |
|
| 999 |
_c325663 _d325663 |
||